00444nam a2200157 a 4500008004100000020001800041050001500059100001900074245008200093260002800175300002100203350000900224650001400233650001400247700002500261100119s2008 ||||||||||||||||| || u a9780632054435 aQE 522 Par aWilson, Lionel10aFundamentals of physical volcanology.cElisabeth A. Parfitt and Lionel Wilson aOxfordbBlackwellc2008 axxi, 230p.: ill. a0.00 aVOLCANOES aVOLCANISM aParfitt, Elisabeth A